Percy Jackson Quiz - Statistics

General Stats
  • This quiz has been taken 6,297 times
    6,291 since last reset
  • The average score is 14 of 18
Answer Stats
Hint Answer % Correct
Son of Poseidon Percy Jackson
100%
Daughter of Athena Annabeth Chase
97%
Satyr companion Grover
97%
Son of Hermes Luke Castellan
91%
Cyclopes companion Tyson
89%
Centaur Counselor Chiron
87%
Daughter of Ares Clarisse Larue
85%
Camp Director Dionysus
83%
Author Rick Riordan
78%
Book 1 The Lightning Thief
78%
Book 2 The Sea of Monsters
78%
Main Antagonist Kronos
73%
Book 5 The Last Olympian
68%
Book 3 The Titan's Curse
68%
Book 4 The Battle of the Labyrinth
64%
Creator of the Labyrinth Daedelus
57%
Mortal Companion Rachel Elizabeth Dare
53%
Assistant Director (Book 2) Tantalus
35%
No matching quizzes found
Score Distribution
Percent of People with Each Score
Percentile by Number Answered
Your Score History
You have not taken this quiz since the last reset